| 000 | 00831cam a2200277 a 4500 | ||
|---|---|---|---|
| 999 |
_c10541 _d10541 |
||
| 003 | OSt | ||
| 005 | 20220404165358.0 | ||
| 008 | 960326s1996 nyuab e b 001 0 eng d | ||
| 010 | _a 95061618 | ||
| 020 |
_a9780500278635 _c$24.95 |
||
| 042 | _alccopycat | ||
| 043 | _aa-ii--- | ||
| 050 | 0 | 4 |
_aNK1047 _b.C66 1996 |
| 082 | _a745.0954 | ||
| 100 | 1 | _aCooper, Ilay. | |
| 245 | 1 | 0 |
_aArts and crafts of India / _cIlay Cooper, John Gillow ; photographs by Barry Dawson. |
| 260 |
_aNew York : _bThames and Hudson, _c1996. |
||
| 300 |
_a160 p. : _bill. (some col.), map ; _c26 cm. |
||
| 504 | _aIncludes bibliographical references (p. 158-159) and index. | ||
| 650 | 0 | _aArts, Indic. | |
| 650 | 0 |
_aDecorative arts _zIndia. |
|
| 650 | 0 |
_aHandicraft _zIndia |
|
| 700 | 1 | _aGillow, John. | |
| 700 | 1 | _aDawson, Barry. | |
| 942 | _2ddc | ||